| 000 | 00494nam a2200181Ia 4500 | ||
|---|---|---|---|
| 003 | GCL | ||
| 008 | 140319s9999 xx 000 0 eng d | ||
| 040 |
_aGCL / _cGCL |
||
| 082 | 0 | 4 |
_a305.4 _bJ F |
| 100 | 1 | _aJULIEN, PHILIPPE | |
| 245 | 1 | 0 |
_aLA FEMINITE VOILEE: ALLIANCE CONJUGOLE ET MODERNITE / _cJULIEN, PHILIPPE |
| 260 |
_a[S.N] : _bDESCLEE DE BROUWER ، _c1997 |
||
| 300 | _a113 P | ||
| 650 | 0 | 4 | _aWOMEN - MARRIAGE |
| 650 | 0 | 4 | _aMARRIED WOMEN |
| 650 | 0 | 4 | _aMARRIED LIFE |
| 942 |
_2ddc _cBK |
||
| 999 |
_c16238 _d16238 |
||